Hydroscopographie et métalloscopographie ou l'art de découvrir les eaux souterraines et les gisements métallifères au moyen de l'électro-magnétisme / (Record no. 32104)

MARC details
000 -LEADER
campo de control de longitud fija 00703nam a2200193 i 4500
001 - NÚMERO DE CONTROL
campo de control 32104
003 - IDENTIFICADOR DE NÚMERO DE CONTROL
campo de control ES-MaACL
005 - FECHA Y HORA DE LA ÚLTIMA TRANSACCIÓN
campo de control 20251015063048.0
007 - CAMPO FIJO DE DESCRIPCIÓN FÍSICA--INFORMACIÓN GENERAL
campo de control de longitud fija t|
008 - DATOS DE LONGITUD FIJA--INFORMACIÓN GENERAL
campo de control de longitud fija 030220s1863 fr ||||1| fre d
080 ## - NÚMERO DE LA CLASIFICACIÓN DECIMAL UNIVERSAL
Número de la Clasificación Decimal Universal 550.87
100 0# - ENTRADA PRINCIPAL--NOMBRE DE PERSONA
Nombre de persona Carríe, Jean-Baptiste,
Títulos y otros términos asociados al nombre Abbé
9 (RLIN) 35737
245 10 - MENCIÓN DEL TÍTULO
Título Hydroscopographie et métalloscopographie ou l'art de découvrir les eaux souterraines et les gisements métallifères au moyen de l'électro-magnétisme /
Mención de responsabilidad, etc. par M. l'abbé Carrié.
260 ## - PUBLICACIÓN, DISTRIBUCIÓN, ETC.
Lugar de publicación, distribución, etc. Paris :
Nombre del editor, distribuidor, etc. E. Lacroix,
Fecha de publicación, distribución, etc. 1863.
300 ## - DESCRIPCIÓN FÍSICA
Extensión 250 p. :
Otras características físicas il. ;
Dimensiones 24 cm.
650 #4 - PUNTO DE ACCESO ADICIONAL DE MATERIA--TÉRMINO DE MATERIA
Término de materia o nombre geográfico como elemento de entrada Radiestesia.
9 (RLIN) 148527
852 ## - LOCALIZACIÓN
Ubicación ES-MaACL
Número de control de estantería G-6216(2)
condición física . - Encuadernado con otras obras
Holdings
Estatus retirado Estado de pérdida Estado de daño No para préstamo Colección Biblioteca de origen Biblioteca actual Ubicación en estantería Fecha de adquisición Fuente de adquisición Total de préstamos Signatura topográfica completa Código de barras Visto por última vez Precio de reemplazo Tipo de ítem Koha
        Libros del s. XIX Biblioteca del Ateneo de Madrid Biblioteca del Ateneo de Madrid Depósito 2 17/01/2008     G-6216(2) 1033230 23/02/2023 23/02/2023 Libro impreso antiguo